000 00904cab a2200265 4500
001 WB3014-68
008 090401t1994 xxu||||| |||| 00| 0 eng d
035 _a(Sirsi) u24344
041 _aeng
245 _aEnquiry procedure
260 _c1994
350 _a0
490 _aEstates Gazette Case Summaries
_v1994 EGCS 60 (2/4/94)
520 _a"Edwards v SoS Environment and others", CA 17 March 1994, concerned the granting of planning permission for service areas along a road and whether the SoS decision should have considered a second application as a relevant consideration.
650 _aA47
650 _aBOLTON MBC V SOS ENVIRONMENT
650 _aPLANNING APPEALS
650 _aPLANNING PERMISSION
650 _aREFUSAL
650 _aRELEVANT CONSIDERATIONS
650 _aSERVICE STATIONS
690 _aPLANNING LAW AND PRACTICE-CASE LAW
942 _n0
948 _c04/03/1997
999 _c16322
_d16322